| 000 | 00395nam a2200157Ia 4500 | ||
|---|---|---|---|
| 008 | 240729s9999 xx 000 0 und d | ||
| 022 | _a2050-2966 | ||
| 245 | 0 | _aBioDiscovery | |
| 260 | _aBulgaria | ||
| 260 | _bPensoft Publishers | ||
| 650 | _a Biology (General) | ||
| 650 | _aScience | ||
| 856 | _uhttps://doaj.org/toc/bc186e1da9f8437a950502cf9b58811c | ||
| 942 | _2ddc | ||
| 942 | _cDOAJEJ | ||
| 999 |
_c71609 _d71609 |
||
| 945 |
_a1 _bMadushi Gamage _c1 _dMadushi Gamage |
||